| 000 | 00616nam a2200205 a 4500 | ||
|---|---|---|---|
| 001 | 2647 | ||
| 003 | CDMR | ||
| 005 | 20131031121622.0 | ||
| 008 | 130130s1985||||||||||||||||||||||||||||d | ||
| 020 | _a8485259122 | ||
| 040 |
_aCDMR _bcat _cCDMR |
||
| 100 | 1 |
_aSarmiento, Carmen _91983 |
|
| 245 | 1 | 4 |
_aLos marginados _b: un programa de TVE _cCarmen Sarmiento |
| 260 |
_aMadrid _c1985 _bServicio de Publicaciones del Ente Público de RTVE |
||
| 300 |
_a263 p. _bil. col. |
||
| 650 | 0 | 4 |
_94154 _aPeriodistes _xRelats personals |
| 650 | 0 | 4 |
_93122 _aTelevisió _xProgrames |
| 650 | 0 | 4 |
_94236 _aMarginació social |
| 942 |
_cMON _2udc |
||
| 999 |
_c2647 _d2647 |
||